Statistics for Ultimate LazyTown Quiz

Click here to take the quiz!

General Stats

  • This quiz has been taken 36 times
  • The average score is 53 of 222

Answer Stats

Answer% Correct
Sportacus
88%
2014
82%
Welcome to LazyTown
82%
Pixel
76%
Robbie Rotten
76%
Stephanie
76%
Trixie
76%
Ziggy
76%
2004
71%
Bessie Busybody
71%
Iceland
71%
Stingy
71%
Bing Bang
65%
Magnus Scheving
65%
Sportscandy
65%
Mayor Millford Meanswell
59%
Stefan Karl Steffanson
59%
Chloe Lang
53%
Rottenbeard
53%
Have You Ever?
47%
Scottie the Scoutmaster
47%
Sportaflop
47%
Chef Robert
41%
Cooking by the Book
41%
Gorilla
41%
Purple Dinosaur
41%
Sports Day
41%
There's Always a Way
41%
We Are Number One
41%
Dr. Rottenstein
35%
Energy
35%
Ghost
35%
Giant Apple
35%
Giant Banana
35%
Go For It
35%
Good Stuff
35%
I Like Learning
35%
Julianna Rose Mauriello
35%
Miss Roberta
35%
Never Say Never
35%
No One's Lazy in LazyTown
35%
Purple Cow
35%
Robbie's Dream Team
35%
Santa Claus
35%
Step by Step
35%
You Are a Pirate
35%
Anything Can Happen
29%
Birthday Fairy
29%
Crystal Caper
29%
Dance Instructor
29%
Dr. Rottenstein
29%
I Can Dance
29%
I Wanna Dance
29%
Lazycus
29%
Lazy Scouts
29%
Master of Disguise
29%
Pixelspix
29%
Prince Stingy
29%
Roberto the Ringmaster
29%
Rottenbeard
29%
Secret Agent Zero
29%
Sherlock Foams, Private Detective
29%
Snow Monster
29%
The Mine Song
29%
The Spooky Song
29%
Zobby the Space Alien
29%
All Together
24%
Big Bad Wolf
24%
Breakfast at Stephanie's
24%
Colors
24%
Cry Dinosaur
24%
Dancing Duel
24%
Defeeted
24%
Galaxy
24%
Giant Carrot
24%
Gizmo Guy
24%
Go Explore!
24%
Holly Jolly Holidays
24%
Johnny B Badd
24%
LazyTown's New Superhero
24%
Let's Go!
24%
Little Sportacus
24%
Mayor Fordmill Meansbad
24%
My Treehouse
24%
Pixel TV
24%
Playing on the Playground
24%
Playtime
24%
Professor H.R. Rottenein
24%
Roboticus
24%
School Scam
24%
Sir Rottenham
24%
Sportacus Who?
24%
Sportafake
24%
Story Time
24%
Swiped Sweets
24%
Teamwork
24%
Techno Generation
24%
The Greatest Genie
24%
The Laziest Town
24%
The Rotten Kid
24%
Trash Trouble
24%
Twenty Times Time
24%
Who's Who?
24%
Woof Woof Woof
24%
Baseball Player
18%
Birthday Surprise!
18%
Clean Up
18%
Dear Diary
18%
Double Trouble
18%
Energy Book
18%
Friends
18%
Garbage Man
18%
Ghost Stoppers
18%
Giant Wall Builder
18%
Happy Brush Day
18%
I Love Christmas
18%
Lazy Rockets
18%
LazyTown's Greatest Hits
18%
Little Pink Riding Hood
18%
Moon Alien
18%
Mummy
18%
New Games Everyday
18%
Once Upon a Time
18%
Princess Stephanie
18%
Record's Day
18%
Robbie's Greatest Misses
18%
Rob U. Blind
18%
Snow, Give Me Snow
18%
Sportacus on the Move!
18%
Sportscandy Festival
18%
Take a Vacation
18%
The First Day of Summer
18%
The Fortune Teller
18%
The Lazy Rockets
18%
The LazyTown Circus
18%
Time to Play
18%
Time to Start the Show
18%
We're Dancing
18%
We Will Be Friends
18%
Ziggy's Alien
18%
Ziggy's Talking Teddy
18%
Bobby Bird
12%
Boogie Woogie Boo
12%
Chef Rottenfood
12%
Dancing Dreams
12%
Dancing on the Moon
12%
Fortune Teller
12%
Good to Be Bad
12%
Haunted Castle
12%
Having a Great Time
12%
Here We Go
12%
Hero for a Day
12%
Hey, We Play
12%
I Am a Prince
12%
It's Fun to be the Mayor
12%
LazyTown's Surprise Santa
12%
Let's Go to the Moon
12%
Life Can Be a Surprise
12%
Mailbox
12%
Man on a Mission
12%
Mayor Statue
12%
Mystery of the Pyramid
12%
Play Day
12%
Purple Bush
12%
Recipe for Energy
12%
Remote Control
12%
Rockin' Robbie
12%
Round and Round
12%
Scout General
12%
Secret Friend Day
12%
Sergio Rottaldo
12%
Sleepless in Lazytown
12%
Soccer-Bot 6000
12%
Soccer Sucker
12%
Sportacus Saves the Toys
12%
Summer is the Season
12%
Take it To the Top
12%
The Baby Troll
12%
The Blue Knight
12%
The Holiday Spirit
12%
The Lazy Cup
12%
The Lazy Genie
12%
The Purple Legend
12%
The Royal Training Master
12%
The Stamp Guy
12%
Time to Learn
12%
Tour Guide
12%
Troll Hunter
12%
Wake Up
12%
We Love School/Time to Learn
12%
When We Play in a Band
12%
Wizard
12%
Zap It!
12%
Abraham Lincoln
6%
Friend For Life
6%
Friends Forever
6%
LazyTown Goes Digital
6%
Lollipop Salesman
6%
Museum Inspector
6%
New Kid in Town
6%
Old Lady
6%
Pablo Fantastico
6%
Purple Panther Pt. 1
6%
Purple Panther Pt. 2
6%
Rob R. Robley
6%
Rock Your Socks Off
6%
Scavenger Hunt
6%
Shaking Cup Man
6%
The Greatest Gift
6%
The Last Sportscandy
6%
The LazyTown Snow Monster
6%
The Purple Knight
6%
The Wizard of LazyTown
6%
We Got the Energy
6%
Biff Rottenstern
0%
Bob Wired, Technician
0%
James McGrup
0%
One More Time
0%
Princess for Eternity
0%
We Love Sportscandy
0%

Score Distribution

Percentile by Number Answered

Percent of People with Each Score

Your Score History

You have not taken this quiz